| 000 | 004630000a22001690004500 | ||
|---|---|---|---|
| 003 | MACL | ||
| 005 | 20151231151100.0 | ||
| 008 | 151231b xxu||||| |||| 00| 0 eng d | ||
| 040 |
_aMACL _cMACL |
||
| 041 | _aEnglish | ||
| 082 | _a324.0954/HID | ||
| 100 |
_aM. Hidayatullah _925817 |
||
| 245 | _aDemocracy in India And the Judicial Process | ||
| 260 |
_bAsia Publishing House _c1966 _aBombay |
||
| 650 |
_aPolitical Science _925818 |
||
| 942 |
_cBK _k324.095/Hid _2ddc |
||
| 999 |
_c36370 _d36370 |
||